[Event "CAMPEONATO CONTINENTAL ABSOLUT"]
[Site "Hotel Torre de Cali, Cali, Co"]
[Date "2007.07.12"]
[Round "3.1"]
[White "Ehlvest, Jaan"]
[Black "Leon Hoyos, Manuel"]
[Result "1/2-1/2"]
[WhiteElo "2629"]
[BlackElo "2484"]
[PlyCount "39"]
[EventDate "2007.07.10"]
[EventType "swiss"]

1. d4 Nf6 2. Nf3 e6 3. e3 g6 4. Bd3 c5 5. O-O Bg7 6. dxc5 Qc7 7. Nc3 Qxc5 8. e4
Nc6 9. Be3 Qh5 10. Be2 Qa5 11. Qd6 Bf8 12. Qg3 Bg7 13. Nd2 O-O 14. Nc4 Qb4 15.
Qd6 b6 16. Rad1 Ba6 17. a3 Qxd6 18. Nxd6 Bxe2 19. Nxe2 Ne7 20. f3 1/2-1/2

[Event "CAMPEONATO CONTINENTAL ABSOLUT"]
[Site "Hotel Torre de Cali, Cali, Co"]
[Date "2007.07.12"]
[Round "3.3"]
[White "Vescovi, Geovanni"]
[Black "Garcia, Gildardo"]
[Result "1-0"]
[WhiteElo "2609"]
[BlackElo "2435"]
[PlyCount "103"]
[EventDate "2007.07.10"]
[EventType "swiss"]

1. d4 d5 2. Nf3 Nf6 3. c4 dxc4 4. e3 c5 5. Bxc4 e6 6. O-O a6 7. Bb3 b5 8. a4 b4
9. Qe2 Bb7 10. Rd1 Nbd7 11. Nbd2 cxd4 12. exd4 Be7 13. Ne5 Bd5 14. Bc2 Qc7 15.
Bd3 O-O 16. Ndc4 Qb7 17. Bg5 Rfe8 18. f4 Bxc4 19. Bxc4 Nd5 20. Nxd7 Qxd7 21.
Bxa6 Bxg5 22. fxg5 Nc7 23. Bd3 Qxd4+ 24. Kh1 Qf4 25. Rf1 Qxg5 26. Qc2 Nd5 27.
Bxh7+ Kh8 28. Be4 Ne3 29. Qf2 Nxf1 30. Bxa8 Nxh2 31. Kxh2 Qh5+ 32. Kg1 Rxa8 33.
Qb6 Qg4 34. a5 Rc8 35. a6 Qf4 36. a7 Rc1+ 37. Rxc1 Qxc1+ 38. Kh2 Qh6+ 39. Kg3
Qg5+ 40. Kf3 Qf5+ $4 (40... Qd5+ $11) 41. Ke3 Qe5+ 42. Kd3 Qd5+ 43. Qd4 Qa8 44.
Kc4 e5 45. Qd7 Kh7 46. Kb5 b3 47. Kb6 Qe4 48. Qc6 Qd4+ 49. Ka6 Qd3+ 50. Kb7 e4
51. a8=Q e3 52. Qaa4 1-0

[Event "CAMPEONATO CONTINENTAL ABSOLUT"]
[Site "Hotel Torre de Cali, Cali, Co"]
[Date "2007.07.12"]
[Round "3.4"]
[White "Escobar Forero, Alder"]
[Black "Spraggett, Kevin"]
[Result "0-1"]
[WhiteElo "2477"]
[BlackElo "2585"]
[PlyCount "92"]
[EventDate "2007.07.10"]
[EventType "swiss"]

1. e4 c5 2. Nf3 e6 3. d4 cxd4 4. Nxd4 a6 5. Bd3 Nf6 6. Qe2 d6 7. f4 Nbd7 8. Nd2
Nc5 9. O-O Be7 10. Kh1 O-O 11. N2f3 Nxd3 12. cxd3 Bd7 13. b4 Rc8 14. Bb2 Qb6
15. a3 Ba4 16. Qf2 Nd7 17. Qg3 Bf6 18. e5 dxe5 19. fxe5 Be7 20. Bc1 Kh8 21. Bg5
Bxg5 22. Qxg5 h6 23. Qe3 Bc6 24. Nd2 Bd5 25. Rf4 Qc7 26. Re1 f6 27. exf6 Nxf6
28. N4f3 Nh5 29. Rh4 Nf4 30. Kg1 Kg8 31. d4 Rf5 32. g3 Ng6 33. Rg4 Qf7 34. Rxg6
Qxg6 35. Nh4 Qg4 36. Nxf5 Qxf5 37. Rf1 Qc2 38. Nf3 Rf8 39. Rf2 Qd1+ 40. Qe1 Qa4
41. Qe3 Rc8 42. g4 Qd1+ 43. Rf1 Qc2 44. Rf2 Qc1+ 45. Qxc1 Rxc1+ 46. Kg2 g5 0-1

[Event "CAMPEONATO CONTINENTAL ABSOLUT"]
[Site "Hotel Torre de Cali, Cali, Co"]
[Date "2007.07.12"]
[Round "3.5"]
[White "Rodriguez Vila, Andrez"]
[Black "Mekhitarian, Krikor Sevag"]
[Result "1-0"]
[WhiteElo "2547"]
[BlackElo "2420"]
[PlyCount "81"]
[EventDate "2007.07.10"]
[EventType "swiss"]

1. e4 c5 2. Ne2 Nc6 3. d4 cxd4 4. Nxd4 g6 5. Nc3 Bg7 6. Nb3 Nf6 7. g4 d5 8.
exd5 Nb4 9. Bb5+ Kf8 10. f3 a6 11. Be2 Ke8 12. Bg5 Nfxd5 13. Nxd5 Qxd5 14. Qxd5
Nxd5 15. O-O-O Nc7 16. Rhe1 Ne6 17. Be3 h5 18. h3 Bh6 19. Bf1 Bd7 20. Na5 Rb8
21. Kb1 Bf4 22. Bxf4 Nxf4 23. Re4 g5 24. Red4 Bc6 25. Nxc6 bxc6 26. Bxa6 Nxh3
27. Bb7 h4 28. Bxc6+ Kf8 29. a4 Rh6 30. Rc4 Nf4 31. a5 Rc8 32. a6 Rhxc6 33.
Rxc6 Rxc6 34. Rd8+ Kg7 35. a7 Ra6 36. a8=Q Rxa8 37. Rxa8 h3 38. Rd8 Ne2 39. Rd1
Ng3 40. Rd2 Nf1 41. Rf2 1-0

[Event "CAMPEONATO CONTINENTAL ABSOLUT"]
[Site "Hotel Torre de Cali, Cali, Co"]
[Date "2007.07.12"]
[Round "3.6"]
[White "Zambrana, Oswaldo"]
[Black "Mosquera, Miguel"]
[Result "1/2-1/2"]
[WhiteElo "2511"]
[BlackElo "2414"]
[PlyCount "105"]
[EventDate "2007.07.10"]
[EventType "swiss"]

1. e4 e5 2. Nf3 Nf6 3. Nxe5 d6 4. Nf3 Nxe4 5. d4 d5 6. Bd3 Nc6 7. O-O Be7 8. c4
Nb4 9. Be2 O-O 10. Nc3 Bf5 11. a3 Nxc3 12. bxc3 Nc6 13. Re1 Re8 14. cxd5 Qxd5
15. Bf4 Rac8 16. Bd3 Qd7 17. Rb1 Bxd3 18. Qxd3 b6 19. c4 Bf6 20. d5 Ne7 21. Ne5
Bxe5 22. Bxe5 f6 23. Bg3 Nf5 24. Bf4 Nd6 25. h3 Rxe1+ 26. Rxe1 Re8 27. Rc1 Ne4
28. Qf3 Re7 29. Ra1 Nd6 30. Qb3 Re4 31. Bg3 h5 32. Rc1 h4 33. Bxd6 cxd6 34. a4
Qe7 35. Qb4 Qe5 36. Qd2 Re2 37. Qd1 Qb2 38. Rb1 Qc2 39. Qxc2 Rxc2 40. a5 bxa5
41. Ra1 Rxc4 42. Rxa5 Rc1+ 43. Kh2 Rc5 44. Rxa7 Rxd5 45. Ra4 g5 46. g3 hxg3+
47. Kxg3 Kf7 48. h4 gxh4+ 49. Rxh4 Ke6 50. Kf3 f5 51. Rh8 Rd3+ 52. Kf4 Rd4+ 53.
Kf3 1/2-1/2

[Event "CAMPEONATO CONTINENTAL ABSOLUT"]
[Site "Hotel Torre de Cali, Cali, Co"]
[Date "2007.07.12"]
[Round "3.8"]
[White "Prasca, Raphael"]
[Black "Zapata, Alonso"]
[Result "1/2-1/2"]
[WhiteElo "2426"]
[BlackElo "2504"]
[PlyCount "77"]
[EventDate "2007.07.10"]
[EventType "swiss"]

1. e4 c5 2. Nf3 e6 3. d4 cxd4 4. Nxd4 a6 5. Nc3 Qc7 6. Bd3 Nc6 7. Nxc6 dxc6 8.
O-O e5 9. f4 Nf6 10. Kh1 Bd6 11. f5 b5 12. a4 Bb7 13. Qe2 Bc5 14. Bg5 Rd8 15.
Nb1 Rd6 16. Nd2 O-O 17. Nf3 Re8 18. Qe1 Bb6 19. b4 c5 20. bxc5 Qxc5 21. axb5
axb5 22. Rb1 Bc6 23. Bd2 Rdd8 24. Qh4 Qd6 25. Bg5 Rc8 26. Bxf6 Qxf6 27. Qxf6
gxf6 28. Bxb5 Bxb5 29. Rxb5 Be3 30. Re1 Bh6 31. Re2 Red8 32. Rb1 Rc4 33. g3 Ra8
34. Kg2 Raa4 35. Rbe1 Ra2 36. Ng1 Bf8 37. Nh3 Bc5 38. Nf2 Rcxc2 39. Kf1 1/2-1/2

[Event "CAMPEONATO CONTINENTAL ABSOLUT"]
[Site "Hotel Torre de Cali, Cali, Co"]
[Date "2007.07.12"]
[Round "3.12"]
[White "Ibarra Chami, Luis Fernando"]
[Black "Ivanov, Alexander"]
[Result "0-1"]
[WhiteElo "2386"]
[BlackElo "2547"]
[PlyCount "84"]
[EventDate "2007.07.10"]
[EventType "swiss"]

1. e4 c5 2. Nc3 Nc6 3. Bb5 Nd4 4. Bc4 e6 5. Nge2 Nf6 6. O-O a6 7. d3 b5 8. Bb3
Nxb3 9. axb3 Bb7 10. Ng3 d6 11. Qe2 Be7 12. f4 b4 13. Nd1 h5 14. Ne3 h4 15. Nh1
d5 16. e5 Nh5 17. f5 d4 18. Nc4 exf5 19. Nd6+ Bxd6 20. exd6+ Kf8 21. Rxf5 g6
22. Re5 Qxd6 23. Bg5 Kg7 24. Be7 Qd7 25. Rf1 Rae8 26. Bxh4 f6 27. Rxe8 Rxe8 28.
Qf2 g5 29. Bg3 Re3 30. Bb8 Qe6 31. Ng3 Nxg3 32. Bxg3 Re2 33. Re1 Rxf2 34. Rxe6
Rxg2+ 35. Kf1 Bf3 36. Bf2 Rxh2 37. Rxa6 g4 38. Ra5 Rh1+ 39. Bg1 g3 40. Rxc5 Kg6
41. Rc4 Rh2 42. Rc8 Kf5 0-1

[Event "CAMPEONATO CONTINENTAL ABSOLUT"]
[Site "Hotel Torre de Cali, Cali, Co"]
[Date "2007.07.12"]
[Round "3.13"]
[White "Uribe, Mauricio"]
[Black "Peralta, Fernando"]
[Result "1/2-1/2"]
[WhiteElo "2354"]
[BlackElo "2546"]
[PlyCount "74"]
[EventDate "2007.07.10"]
[EventType "swiss"]

1. e4 d6 2. d4 Nf6 3. Nc3 g6 4. Be3 Bg7 5. h3 O-O 6. g3 e5 7. dxe5 dxe5 8. Bg2
Qe7 9. Nge2 c6 10. O-O b5 11. Qc1 Nbd7 12. g4 h5 13. f3 a5 14. Qe1 hxg4 15.
fxg4 Nh7 16. Nb1 Bf6 17. Nd2 Bg5 18. Bf2 Nc5 19. Nb3 Nxb3 20. axb3 b4 21. h4
Bf6 22. g5 Bg7 23. Be3 f6 24. Qg3 Ba6 25. Rfe1 fxg5 26. hxg5 Bxe2 27. Rxe2 Rf4
28. Rf1 Nxg5 29. Rxf4 exf4 30. Bxf4 Bd4+ 31. Kf1 Qf7 32. Qxg5 Rf8 33. e5 Qxf4+
34. Qxf4 Rxf4+ 35. Ke1 Rf5 36. e6 Re5 37. Bxc6 Kf8 1/2-1/2

[Event "CAMPEONATO CONTINENTAL ABSOLUT"]
[Site "Hotel Torre de Cali, Cali, Co"]
[Date "2007.07.12"]
[Round "3.14"]
[White "Kudrin, Sergey"]
[Black "Ortiz, Nadya Karolina"]
[Result "1-0"]
[WhiteElo "2543"]
[BlackElo "2281"]
[PlyCount "89"]
[EventDate "2007.07.10"]
[EventType "swiss"]

1. e4 c5 2. Nf3 e6 3. d4 cxd4 4. Nxd4 a6 5. Bd3 Bc5 6. Nb3 Ba7 7. Qg4 Nf6 8.
Qg3 d6 9. Nc3 Nc6 10. Bg5 h6 11. Bd2 Nh5 12. Qf3 Qh4 13. g3 Ne5 14. Qe2 Qg4 15.
O-O-O Qxe2 16. Bxe2 Nf6 17. f4 Nc6 18. Bf3 Nd4 19. Nxd4 Bxd4 20. Ne2 Bc5 21.
Bc3 Ke7 22. b4 Be3+ 23. Kb2 Rd8 24. e5 Ne8 25. Bd4 Bxd4+ 26. Rxd4 Rb8 27. Rhd1
b6 28. Bc6 Bd7 29. Bf3 Bc8 30. g4 Bb7 31. Bxb7 Rxb7 32. R4d3 Rdd7 33. Nd4 Rbc7
34. f5 Rc4 35. c3 g6 36. Kb3 Rc8 37. fxe6 fxe6 38. a4 Ng7 39. b5 axb5 40. axb5
Rc5 41. Kb4 Ke8 42. exd6 Rxd6 43. Nf5 Rdd5 44. Rxd5 exd5 45. Ne3 1-0

[Event "CAMPEONATO CONTINENTAL ABSOLUT"]
[Site "Hotel Torre de Cali, Cali, Co"]
[Date "2007.07.12"]
[Round "3.15"]
[White "Beltran, Carlos"]
[Black "Fier, Alexander"]
[Result "0-1"]
[WhiteElo "2272"]
[BlackElo "2527"]
[PlyCount "134"]
[EventDate "2007.07.10"]
[EventType "swiss"]

1. d4 Nf6 2. Bg5 e6 3. e3 h6 4. Bh4 Be7 5. Nf3 b6 6. c4 Bb7 7. Nc3 O-O 8. Bd3
c5 9. O-O cxd4 10. Nxd4 d6 11. Bxf6 Bxf6 12. Be4 Bxe4 13. Nxe4 Be7 14. Qf3 Nd7
15. Nc6 Ne5 16. Nxe5 dxe5 17. Rfd1 Qc7 18. Rac1 Rad8 19. b3 Ba3 20. Rxd8 Rxd8
21. Rd1 Bb4 22. Rxd8+ Qxd8 23. Ng3 a5 24. Nf1 f5 25. Qc6 Kf7 26. h4 Bc5 27. g3
e4 28. h5 Kf6 29. g4 Bd6 30. Qb7 Qc7 31. Qa8 Qe7 32. Qc6 Kg5 33. gxf5 exf5 34.
Qxb6 Kxh5 35. c5 Be5 36. Ng3+ Bxg3 37. fxg3 Qg5 38. Kf2 Qg4 39. c6 Qf3+ 40. Ke1
Qxg3+ 41. Kd2 f4 42. Qc5+ g5 43. c7 fxe3+ 44. Kc2 Qh2+ 45. Kb1 e2 46. Qc1 Qxc7
47. Qh1+ Kg4 48. Qxe4+ Qf4 49. Qxe2+ Qf3 50. Qc4+ Kh3 51. Qe6+ g4 52. Qxh6+ Kg2
53. Qd2+ Qf2 54. Qd5+ Kg1 55. Qxa5 g3 56. a4 g2 57. Qc3 Kf1 58. Qc4+ Qe2 59.
Qf4+ Ke1 60. Qb4+ Qd2 61. Qh4+ Ke2 62. Qe4+ Kf2 63. Qh4+ Kg1 64. Qg3 Qe2 65.
Qh3 Qe4+ 66. Ka2 Kf2 67. Qh2 Qg4 0-1

[Event "CAMPEONATO CONTINENTAL ABSOLUT"]
[Site "Hotel Torre de Cali, Cali, Co"]
[Date "2007.07.12"]
[Round "3.16"]
[White "Matsuura, Everaldo"]
[Black "Valderrama, E Gilberto"]
[Result "1/2-1/2"]
[WhiteElo "2505"]
[BlackElo "2308"]
[PlyCount "47"]
[EventDate "2007.07.10"]
[EventType "swiss"]

1. e4 e5 2. Nf3 Nf6 3. d4 Nxe4 4. Bd3 d5 5. Nxe5 Nc6 6. Nxc6 bxc6 7. Qe2 Qe7 8.
O-O Nd6 9. Qd2 Be6 10. Qc3 Qd7 11. Bf4 Nb5 12. Bxb5 cxb5 13. Nd2 Be7 14. Qg3
O-O 15. c3 Rfc8 16. Rfe1 a5 17. h4 a4 18. a3 Kh8 19. Nf3 Ra6 20. Re3 f6 21.
Rae1 Bf8 22. Rc1 Bf7 23. Ne1 Bg6 24. Nf3 1/2-1/2

[Event "CAMPEONATO CONTINENTAL ABSOLUT"]
[Site "Hotel Torre de Cali, Cali, Co"]
[Date "2007.07.12"]
[Round "3.17"]
[White "Lopez, Mario Iver"]
[Black "Lima, Darcy"]
[Result "1/2-1/2"]
[WhiteElo "2345"]
[BlackElo "2463"]
[PlyCount "77"]
[EventDate "2007.07.10"]
[EventType "swiss"]

1. e4 e6 2. d4 d5 3. Nd2 Nf6 4. e5 Ne4 5. Bd3 Nxd2 6. Bxd2 c5 7. c3 Qb6 8. Bc1
cxd4 9. cxd4 Bb4+ 10. Kf1 Bd7 11. Ne2 Bb5 12. Bg5 h6 13. Be3 Bxd3 14. Qxd3 Qa6
15. Qd1 O-O 16. Kg1 f6 17. exf6 Rxf6 18. Nf4 Nd7 19. Qg4 Nf8 20. h4 Qb5 21. Rh3
Qd7 22. Rc1 Bd6 23. Rf3 Qf7 24. Rc3 Rf5 25. Nd3 Rxf3 26. Qxf3 Qxf3 27. gxf3 Ng6
28. h5 Nh4 29. Bf4 Nxf3+ 30. Kg2 Nxd4 31. Bxd6 Nb5 32. Be5 Nxc3 33. Bxc3 Rc8
34. Ne5 Rc7 35. Kf3 Kf8 36. Ke3 Ke7 37. f4 b6 38. Ng6+ Ke8 39. Ne5 1/2-1/2

[Event "CAMPEONATO CONTINENTAL ABSOLUT"]
[Site "Hotel Torre de Cali, Cali, Co"]
[Date "2007.07.12"]
[Round "3.18"]
[White "Cori, Jorge"]
[Black "Alzate, Dario"]
[Result "1/2-1/2"]
[WhiteElo "2267"]
[BlackElo "2392"]
[PlyCount "49"]
[EventDate "2007.07.10"]
[EventType "swiss"]

1. e4 c5 2. Nf3 a6 3. c3 Nf6 4. d3 Nc6 5. Be2 d6 6. O-O Bd7 7. Nbd2 e5 8. Nc4
b5 9. Ne3 Be7 10. Nd5 O-O 11. Nxe7+ Qxe7 12. Bg5 h6 13. Bh4 Kh8 14. Qd2 Rg8 15.
Bg3 Rad8 16. Rfe1 Nh7 17. d4 cxd4 18. cxd4 Bg4 19. d5 Bxf3 20. Bxf3 Nd4 21. Bd1
Qa7 22. Kh1 f5 23. f3 fxe4 24. fxe4 Rgf8 25. Bf2 1/2-1/2

[Event "CAMPEONATO CONTINENTAL ABSOLUT"]
[Site "Hotel Torre de Cali, Cali, Co"]
[Date "2007.07.12"]
[Round "3.19"]
[White "Montenegro, Rolando"]
[Black "Sequera, Jose"]
[Result "0-1"]
[WhiteElo "2227"]
[BlackElo "2432"]
[PlyCount "106"]
[EventDate "2007.07.10"]
[EventType "swiss"]

1. e4 e6 2. d3 d5 3. Nd2 c5 4. Ngf3 Nc6 5. g3 Bd6 6. Bg2 Nge7 7. O-O O-O 8. Nh4
b5 9. f4 f5 10. exf5 exf5 11. Re1 b4 12. Nhf3 Qc7 13. Nf1 Bb7 14. c3 bxc3 15.
bxc3 Qa5 16. Bd2 Qa6 17. Qe2 Rf6 18. Kh1 h6 19. Be3 Re6 20. d4 Qxe2 21. Rxe2
cxd4 22. cxd4 Ba6 23. Ree1 Nb4 24. Bd2 Re4 25. Ne5 Rxd4 26. Bc3 Re4 27. Bxe4
fxe4 28. Ne3 Bc5 29. Rab1 Nd3 (29... Nxa2 $142 $17) 30. Nxd3 Bxd3 31. Rb7 Rd8
32. Bb4 Bxb4 33. Rxb4 d4 34. Rb7 Kf8 35. Ng4 e3 36. Rxa7 Nd5 37. Kg1 Be4 38.
Ra4 Nc3 39. Rc4 e2 40. Kf2 Bd3 41. Rc7 Ba6 42. Ne5 Nd1+ 43. Kf3 d3 44. Rd7 Rxd7
45. Nxd7+ Ke7 46. Nc5 Bc4 47. g4 Kd6 48. Ne4+ Kd5 49. Nd2 Bxa2 50. Rxe2 dxe2
51. Kxe2 Nc3+ 52. Kd3 Ne4 53. Nf1 Bc4+ 0-1

[Event "CAMPEONATO CONTINENTAL ABSOLUT"]
[Site "Hotel Torre de Cali, Cali, Co"]
[Date "2007.07.12"]
[Round "3.20"]
[White "Vittorino, Carlo"]
[Black "Iturrizaga, Eduardo"]
[Result "0-1"]
[WhiteElo "2228"]
[BlackElo "2411"]
[PlyCount "69"]
[EventDate "2007.07.10"]
[EventType "swiss"]

1. d4 Nf6 2. c4 e6 3. Nf3 Bb4+ 4. Bd2 Qe7 5. g3 Nc6 6. Bg2 Bxd2+ 7. Nbxd2 d6 8.
O-O O-O 9. Qc2 e5 10. d5 Nb8 11. e4 a5 12. Ne1 Na6 13. Nd3 Bg4 14. f3 Bh5 15.
Qc3 b6 16. Bh3 Nd7 17. b3 c6 18. a3 cxd5 19. cxd5 Rfc8 20. Qb2 b5 21. b4 Rc7
22. Nb3 Qg5 23. Bxd7 Qe3+ 24. Nf2 Rxd7 25. g4 Bg6 26. Kg2 axb4 27. axb4 h5 28.
Rfe1 Qg5 29. h3 Nc7 30. Na5 f5 31. Qc1 Qxc1 32. Rexc1 hxg4 33. hxg4 fxe4 34.
fxe4 Rf7 35. Rc6 {Las jugadas no concuerdan} 0-1

[Event "CAMPEONATO CONTINENTAL ABSOLUT"]
[Site "Hotel Torre de Cali, Cali, Co"]
[Date "2007.07.12"]
[Round "3.22"]
[White "Diamant, Andre"]
[Black "Salazar, Carlos"]
[Result "1-0"]
[WhiteElo "2394"]
[BlackElo "2215"]
[PlyCount "91"]
[EventDate "2007.07.10"]
[EventType "swiss"]

1. e4 e5 2. Nf3 Nc6 3. Bb5 Nf6 4. O-O Nxe4 5. d4 Nd6 6. Bxc6 dxc6 7. dxe5 Nf5
8. Qxd8+ Kxd8 9. Nc3 Ne7 10. h3 Ng6 11. Re1 Be7 12. Be3 Ke8 13. a3 h5 14. Re2
h4 15. Rae1 Rh5 16. Bc1 a6 17. Ne4 Be6 18. Neg5 Bc4 19. Re4 Bd5 20. Rg4 c5 21.
b3 Nf8 22. Nxh4 Bxg5 23. Bxg5 Nh7 24. Be3 Be6 25. Nf3 g6 26. Rh4 Rxh4 27. Nxh4
c4 28. bxc4 Bxc4 29. f4 Rd8 30. Nf3 Nf8 31. Ng5 Ne6 32. Nf3 b5 33. Kf2 Bd5 34.
Nd2 c5 35. h4 c4 36. g4 Bb7 37. Rg1 Nd4 38. Bxd4 Rxd4 39. Ke3 Rd8 40. h5 Ke7
41. h6 f6 42. f5 fxe5 43. fxg6 Kf6 44. g7 Kg6 45. g5 Bd5 46. Rf1 1-0

[Event "CAMPEONATO CONTINENTAL ABSOLUT"]
[Site "Hotel Torre de Cali, Cali, Co"]
[Date "2007.07.12"]
[Round "3.23"]
[White "Castro, Oscar H"]
[Black "Moreno, William"]
[Result "0-1"]
[WhiteElo "2390"]
[BlackElo "2194"]
[PlyCount "68"]
[EventDate "2007.07.10"]
[EventType "swiss"]

1. d4 c5 2. d5 d6 3. e4 Nf6 4. Nc3 g6 5. Nf3 Bg7 6. Be2 O-O 7. O-O Na6 8. Re1
Nc7 9. Bf4 Bg4 10. a4 a6 11. a5 Nb5 12. Nb1 b6 13. c3 bxa5 14. Nfd2 Bxe2 15.
Rxe2 e6 16. Nc4 Re8 17. dxe6 Rxe6 18. f3 d5 19. exd5 Rxe2 20. Qxe2 Qxd5 21. Nb6
Qf5 22. Nxa8 Qxf4 23. Nd2 Qb8 24. Rxa5 Qxa8 25. Qxb5 Qd8 26. Rxa6 Qxd2 27. Ra1
Bf8 28. Rf1 Nd5 29. Rf2 Qe3 30. Qe2 Bh6 31. Kh1 Qg5 32. g3 Ne3 33. Qd3 c4 34.
Qd7 Qa5 0-1

[Event "CAMPEONATO CONTINENTAL ABSOLUT"]
[Site "Hotel Torre de Cali, Cali, Co"]
[Date "2007.07.12"]
[Round "3.24"]
[White "Condori, Edwin"]
[Black "Gamboa, Nelson"]
[Result "1-0"]
[WhiteElo "2207"]
[BlackElo "2386"]
[PlyCount "91"]
[EventDate "2007.07.10"]
[EventType "swiss"]

1. d4 Nf6 2. c4 g6 3. Nc3 Bg7 4. Nf3 O-O 5. g3 d6 6. Bg2 Nbd7 7. O-O e5 8. h3
c6 9. e4 Re8 10. Re1 Qa5 11. Be3 Nf8 12. d5 c5 13. Re2 Qd8 14. Ne1 h6 15. Nd3
Bd7 16. a3 Rc8 17. Rc2 a6 18. a4 Kh7 19. a5 Re7 20. Qe2 Be8 21. b4 cxb4 22. Bb6
Qd7 23. Nxb4 Ng8 24. Nd3 f5 25. c5 Nf6 26. Rac1 Bf7 27. f3 Ne8 28. Qf2 h5 29.
Nd1 Bh6 30. Ne3 Kg8 31. Rc3 f4 32. gxf4 exf4 33. Nc4 Bg7 34. R3c2 g5 35. cxd6
Nxd6 36. Nc5 Rxc5 37. Bxc5 Nb5 38. Rd2 Re8 39. Rd3 Ng6 40. Re1 g4 41. fxg4 hxg4
42. Nb6 Qd8 43. hxg4 Ne5 44. Rf3 Qg5 45. Rf1 Bh6 46. Rh3 {Ilegible} 1-0

[Event "CAMPEONATO CONTINENTAL ABSOLUT"]
[Site "Hotel Torre de Cali, Cali, Co"]
[Date "2007.07.12"]
[Round "3.26"]
[White "Buitrago, Juan Carlos"]
[Black "La Rota, Fabio"]
[Result "0-1"]
[WhiteElo "2160"]
[BlackElo "2286"]
[PlyCount "102"]
[EventDate "2007.07.10"]
[EventType "swiss"]

1. d4 d5 2. c4 e6 3. Nc3 Nf6 4. Bg5 Nbd7 5. e3 Be7 6. Nf3 O-O 7. Rc1 c6 8. Bd3
Re8 9. O-O Nf8 10. Ne5 dxc4 11. Bxc4 Nd5 12. Bxe7 Qxe7 13. e4 Nb6 14. Bb3 Rd8
15. Ne2 Nbd7 16. Nxd7 Bxd7 17. Qc2 b6 18. Qc3 Rac8 19. e5 c5 20. Qe3 Bb5 21.
dxc5 Bxe2 22. Qxe2 Rxc5 23. Qe3 Nd7 24. Rxc5 Qxc5 25. Qd3 Qxe5 26. Rd1 b5 27.
Bc2 g6 28. Bb3 Kf8 29. g3 Ke8 30. Qd2 Qc5 31. Qf4 Ne5 32. Rxd8+ Kxd8 33. Qh4+
Kd7 34. Qxh7 Qc1+ 35. Kg2 Qxb2 36. Qg8 Qd4 37. Qb8 Qc5 38. Qb7+ Ke8 39. Qb8+
Ke7 40. f4 Ng4 41. Qb7+ Kf6 42. Qf3 Ne3+ 43. Kh3 a5 44. g4 a4 45. g5+ Kf5 46.
Bd1 Nxd1 47. Qg4+ Ke4 48. Qxd1 Qf5+ 49. Kg2 Kxf4 50. Qd2+ Kg4 51. h3+ Kh4 0-1

[Event "CAMPEONATO CONTINENTAL ABSOLUT"]
[Site "Hotel Torre de Cali, Cali, Co"]
[Date "2007.07.12"]
[Round "3.27"]
[White "Gutierrez, Jose Antonio"]
[Black "Juarez Flores, Roberto"]
[Result "1-0"]
[WhiteElo "2283"]
[BlackElo "2177"]
[PlyCount "109"]
[EventDate "2007.07.10"]
[EventType "swiss"]

1. e4 g6 2. d4 Bg7 3. Nc3 d6 4. Nf3 c6 5. Be2 Nf6 6. O-O O-O 7. a4 Nbd7 8. Be3
Ng4 9. Bg5 h6 10. Bh4 c5 11. Nd5 Ngf6 12. Nxf6+ Nxf6 13. e5 Nd5 14. dxc5 dxe5
15. Bc4 Be6 16. Bxd5 Bxd5 17. Bxe7 Qxe7 18. Qxd5 Rfd8 19. Qc4 Rac8 20. b4 Qd7
21. Rae1 Qc7 22. Rd1 Bf8 23. Rd5 Rxd5 24. Qxd5 b6 25. Rd1 bxc5 26. b5 Bg7 27.
Qd7 Qb8 28. Rd6 e4 29. Nd2 e3 30. fxe3 Be5 31. Rd5 Bxh2+ 32. Kh1 Rf8 33. Qh3
Be5 34. Nc4 Bg7 35. Rd7 Rd8 36. a5 Rxd7 37. Qxd7 Qg3 38. Qd3 Qe1+ 39. Kh2 Bc3
40. b6 axb6 41. axb6 Qh4+ 42. Kg1 Be1 43. e4 Qf2+ 44. Kh1 Qh4+ 45. Kg1 Qf2+ 46.
Kh1 Qh4+ 47. Qh3 Qf4 48. Qf3 Qh4+ 49. Kg1 Bg3 50. Kf1 f5 51. Nd2 c4 52. Ke2 Qh2
53. Nf1 fxe4 54. Qxg3 Qh5+ 55. Kd2 1-0

[Event "CAMPEONATO CONTINENTAL ABSOLUT"]
[Site "Hotel Torre de Cali, Cali, Co"]
[Date "2007.07.12"]
[Round "3.28"]
[White "Aranha Filho, Alvaro Z"]
[Black "Guerrero, Juan Carlos"]
[Result "0-1"]
[WhiteElo "2279"]
[BlackElo "2144"]
[PlyCount "92"]
[EventDate "2007.07.10"]
[EventType "swiss"]

1. e4 c5 2. Nf3 d6 3. d4 cxd4 4. Qxd4 Nc6 5. Bb5 Bd7 6. Bxc6 Bxc6 7. Nc3 Nf6 8.
Bg5 e6 9. O-O-O Be7 10. Rhe1 O-O 11. Kb1 Kh8 12. Qd2 Qa5 13. Nd4 Rfc8 14. f3
Be8 15. h4 Rc4 16. g4 Rac8 17. h5 Rxd4 18. Qxd4 Qxg5 19. h6 Qxh6 20. Qxa7 Bc6
21. Qd4 Qf4 22. Qd3 h6 23. Ne2 Qe5 24. Nd4 Bd7 25. Qd2 Qc5 26. Nb3 Qg5 27. Qb4
Bc6 28. Nd4 Qf4 29. Nxc6 bxc6 30. Qb7 Re8 31. Rd3 c5 32. a4 Qe5 33. f4 Qxf4 34.
a5 c4 35. Rc3 d5 36. a6 Qf2 37. Rce3 Nxg4 38. R3e2 Qc5 39. exd5 e5 40. Rxe5
Nxe5 41. Rxe5 c3 42. a7 Qg1+ 43. Ka2 cxb2 44. Kxb2 Qd4+ 45. c3 Qxe5 46. Kb3 Bf6
0-1

[Event "CAMPEONATO CONTINENTAL ABSOLUT"]
[Site "Hotel Torre de Cali, Cali, Co"]
[Date "2007.07.12"]
[Round "3.29"]
[White "Souza Neves, Andrey M"]
[Black "Avalos Parra, Joao"]
[Result "0-1"]
[WhiteElo "2156"]
[BlackElo "2272"]
[PlyCount "172"]
[EventDate "2007.07.10"]
[EventType "swiss"]

1. d4 d5 2. Nf3 Nf6 3. e3 c5 4. b3 Bg4 5. Be2 Nc6 6. O-O e6 7. Bb2 Be7 8. c4
O-O 9. Nbd2 dxc4 10. Nxc4 Rc8 11. a3 Nd5 12. dxc5 Bxc5 13. b4 Be7 14. Qb3 Bf6
15. Rac1 Bxb2 16. Qxb2 f6 17. Rfd1 Qe7 18. h3 Bh5 19. b5 Nb8 20. Na5 Rfd8 21.
Bc4 Nb6 22. Bb3 Rxd1+ 23. Rxd1 Bf7 24. Nd4 Rd8 25. Rc1 g6 26. Nxb7 Rc8 27.
Rxc8+ Nxc8 28. Na5 Nd7 29. Ndc6 Qc5 30. Qd4 Qxd4 31. exd4 e5 32. dxe5 Nxe5 33.
Nxe5 fxe5 34. f3 Kf8 35. Bxf7 Kxf7 36. Kf2 Ke6 37. Ke3 Kd5 38. Kd3 Kc5 39. Kc3
Kxb5 40. Nc4 Nb6 41. Nxe5 Nd5+ 42. Kb3 Nf4 43. a4+ Ka6 44. g4 Nxh3 45. Kb4 Nf4
46. Nd7 h5 47. gxh5 gxh5 48. Nc5+ Kb6 49. a5+ Kc6 50. Ne4 h4 51. Nd2 h3 52. Nf1
Nd5+ 53. Ka4 a6 54. Ng3 Kc5 55. Nf1 Kc4 56. Nh2 Kc3 57. Ka3 Nf4 58. Ka4 Nd3 59.
Nf1 Kc4 60. Ne3+ Kd4 61. Nf1 Nc5+ 62. Kb4 Ne6 63. Nh2 Nc7 64. Nf1 Nd5+ 65. Kb3
Kd3 66. Nh2 Ne3 67. Kb4 Kd4 68. Kb3 Ke5 69. Kc3 Kf4 70. Kd3 Nf5 71. Ke2 Kg3 72.
Nf1+ Kg2 73. f4 Nd4+ 74. Ke1 Kf3 75. Nh2+ Kxf4 76. Kf2 Nc6 77. Kg1 Nxa5 78. Nf1
Nc4 79. Kh2 a5 80. Ng3 a4 81. Ne2+ Ke3 82. Nc3 a3 83. Kxh3 Kd3 84. Na2 Kc2 85.
Kg2 Ne3+ 86. Kf3 Nd5 0-1

[Event "CAMPEONATO CONTINENTAL ABSOLUT"]
[Site "Hotel Torre de Cali, Cali, Co"]
[Date "2007.07.12"]
[Round "3.30"]
[White "Bibiloni, Jorge"]
[Black "Ossa, Orlando"]
[Result "0-1"]
[WhiteElo "2145"]
[BlackElo "2272"]
[PlyCount "90"]
[EventDate "2007.07.10"]
[EventType "swiss"]

1. e4 e5 2. Nf3 Nc6 3. Bb5 Bc5 4. c3 Nf6 5. O-O O-O 6. d4 Bb6 7. d5 Ne7 8. Bd3
d6 9. Nbd2 a6 10. Nc4 Ba7 11. Be3 b5 12. Na3 Bxe3 13. fxe3 c5 14. Nd2 c4 15.
Be2 Nd7 16. Bg4 Nc5 17. Bxc8 Rxc8 18. Qe2 Na4 19. Nf3 h6 20. Rf2 Nc5 21. Nd2
Nd3 22. Rf3 Nxb2 23. Raf1 Nd3 24. Nab1 f5 25. exf5 Nxd5 26. Ne4 Nf6 27. Nxf6+
Rxf6 28. e4 d5 29. exd5 Qxd5 30. Nd2 Nf4 31. Qe3 Rxf5 32. Re1 Rcf8 33. h3 Rg5
34. g3 Qd7 35. Ne4 Qxh3 36. Rxf4 exf4 37. Nxg5 hxg5 38. Qe6+ Qxe6 39. Rxe6 Rf6
40. Re5 fxg3 41. a4 bxa4 42. Rc5 a3 43. Rxc4 a2 44. Ra4 Rf7 45. Rxa2 Rc7 0-1

[Event "CAMPEONATO CONTINENTAL ABSOLUT"]
[Site "Hotel Torre de Cali, Cali, Co"]
[Date "2007.07.12"]
[Round "3.31"]
[White "Cabrera Huaman, Andres"]
[Black "Molina, Rafael"]
[Result "1-0"]
[WhiteElo "2268"]
[BlackElo "2101"]
[PlyCount "59"]
[EventDate "2007.07.10"]
[EventType "swiss"]

1. e4 e5 2. Nf3 Nc6 3. Bb5 Nf6 4. O-O d6 5. d4 exd4 6. Nxd4 Bd7 7. Re1 Be7 8.
Nc3 O-O 9. Bg5 a6 10. Nxc6 bxc6 11. Bc4 h6 12. Bh4 Re8 13. Bg3 Nh7 14. Qd3 a5
15. Rad1 Ng5 16. f4 Ne6 17. Qf3 Qc8 18. f5 Ng5 19. Qh5 d5 20. Bd3 Rb8 21. h4
Nxe4 22. Nxe4 dxe4 23. Rxe4 Rb4 24. Rde1 Bc5+ 25. Kh2 Rexe4 26. Rxe4 Rxb2 27.
f6 Bf8 28. Bc4 Be6 29. Rxe6 Rb5 30. Re5 1-0